Statistiques concernant Tous les capitaines de l'Equipe de France de Football

Cliquez ici pour prendre le quiz!

Statistiques générales

  • Ce quiz a été pris 119 fois
  • Le résultat moyen est 34 sur 128

Statistiques - réponses

RéponsesCapitanat(s)% Correct
Hugo Lloris121
97%
Kylian Mbappé5
96%
Zinédine Zidane27
94%
Didier Deschamps54
92%
Michel Platini50
91%
Antoine Griezmann1
89%
Raphaël Varane20
88%
Lilian Thuram18
87%
Thierry Henry23
87%
Karim Benzema1
84%
Laurent Blanc12
83%
Fabien Barthez5
80%
Marcel Desailly55
80%
Olivier Giroud1
79%
Paul Pogba1
77%
Bixente Lizarazu1
76%
Patrick Vieira25
74%
Steve Mandanda3
72%
Patrice Evra5
70%
Emmanuel Petit1
68%
Raymond Kopa6
68%
Blaise Matuidi7
60%
David Trezeguet1
56%
Jean-Pierre Papin11
56%
Claude Makelele1
54%
Alain Giresse1
53%
Marius Trésor25
52%
Youri Djorkaeff2
52%
Bernard Lama2
50%
Eric Cantona10
49%
Jean Tigana2
45%
William Gallas4
45%
Christian Karembeu1
44%
Robert Pirès3
43%
Samir Nasri1
42%
Franck Lebœuf4
41%
Grégory Coupet1
40%
Laurent Koscielny1
39%
Luis Fernandez5
39%
Presnel Kimpembe2
38%
Florent Malouda1
37%
Sylvain Wiltord1
35%
Alain Roche1
34%
Eric Abidal4
34%
Yohan Cabaye1
31%
Manuel Amoros32
29%
Philippe Mexès2
29%
Joël Bats1
28%
Patrick Battiston5
27%
Alou Diarra9
26%
Sidney Govou2
24%
Mamadou Sakho1
23%
Jérémy Toulalan1
22%
Maxime Bossis6
22%
Paul Le Guen1
20%
Didier Six2
18%
Vincent Guérin1
18%
Henri Michel10
17%
Jean Vincent5
17%
Roger Marche42
16%
Eric Di Meco2
15%
Bruno Martini1
14%
Roger Piantoni1
14%
Jean-Michel Larqué3
13%
Jean Nicolas1
13%
Paul Nicolas18
13%
Jean-Alain Boumsong1
11%
Jean Baratte12
11%
Franck Sauzée9
8%
Robert Herbin5
8%
Christian Lopez14
7%
Robert Jonquet9
7%
Jean Djorkaeff24
6%
Marcel Domergue3
5%
Armand Penverne7
4%
Henri Bard5
4%
Jean-Jacques Marcel4
4%
Pierre Bernard4
4%
Roger Rio1
4%
Yvon Douis3
4%
Bernard Bosquier9
3%
Bernard Pardo2
3%
Etienne Mattler14
3%
Georges Bereta12
3%
Jean-Marc Guillou1
3%
Julien Darui5
3%
Albert Batteux4
2%
Alexandre Villaplane5
2%
Alex Thépot13
2%
André François2
2%
André Lerond9
2%
Claude Quittet4
2%
Etienne Jourde2
2%
Fernand Canelle1
2%
Gaston Barreau2
2%
Henri Pavillard4
2%
Jules Devaquez4
2%
Jules Vandooren3
2%
Louis Mesnier4
2%
Lucien Gamblin9
2%
Marcel Langiller7
2%
René Ferrier3
2%
Robert Lemaître1
2%
Roger Courtois1
2%
Albert Jourda1
1%
Alfred Aston7
1%
André Chardar1
1%
Antoine Cuissard1
1%
Daniel Eon2
1%
Edmond Delfour12
1%
François Hugues3
1%
Gabriel Hanot1
1%
Georges Verriest1
1%
Jacques Mairesse1
1%
Jean Ducret13
1%
Jean Prouff3
1%
Joseph Kaucsar1
1%
Louis Cazal1
1%
Marcel Artélésa9
1%
Marius Royet1
1%
Maurice Cottenet2
1%
Oscar Heisserer7
1%
Philippe Bonnardel1
1%
Pierre Allemane7
1%
Raymond Dubly9
1%
René Bonnet1
1%
Robert Budzynski3
1%
Joseph Verlet1
0%

Distribution des résultats

Percentile par nombre de réponses

% des personnes avec chaque résultat

Votre développement - résultats

Vous n’avez pas pris ce quiz